000 00868nam a22002417a 4500
005 20240530110359.0
008 150117s2010 ua g b 000 0 ara d
017 _a2009/23104
_bمصر . دار الكتب المصرية
020 _a9789774311660
040 _aEG-CaGPL
041 0 _aara
082 0 4 _221
_a155.412\
_bإ ف
100 0 _aابراهيم جابر السيد
245 1 2 _aالفلسفة النمائية /
_cابراهيم جابر السيد
250 _aط 1
260 _aالقاهرة :
_bمؤسسة طيبة للنشر و التوزيع ،
_c2010
300 _a229 ص ؛
_c24 سم
490 0 _aسلسلة التطور النفسى للطفل
504 _aيشتمل على ارجاعات ببليوجرافية
650 0 4 _aالفلسفة النمائية
942 _2ddc
_cBK
999 _c60222
_d60222